00457nam a2200133Ia 4500008004100000082001800041100004300059245005200102250000600154260005100160300000800211630005200219730005200271100122s9999 xx 000 0 und d b59424a927.92 aजागीरदार प्र ज aसंध्याकाळ (क.क्र.9/2) a0 bराजहंस प्रकाशनc1971 a117 aसंध्याकाळ (क.क्र.9/2) aसंध्याकाळ (क.क्र.9/2)